मृगजळाची तहान (Record no. 192160)

MARC details
000 -LEADER
fixed length control field 00417nam a2200145Ia 4500
008 - FIXED-LENGTH DATA ELEMENTS--GENERAL INFORMATION
fixed length control field 090124s9999 xx 000 0 und d
082 ## - DEWEY DECIMAL CLASSIFICATION NUMBER
Item number 302523
245 ## - TITLE STATEMENT
Title मृगजळाची तहान
250 ## - EDITION STATEMENT
Edition statement 1
260 ## - PUBLICATION, DISTRIBUTION, ETC. (IMPRINT)
Name of publisher, distributor, etc गोगटे शकुंतला
Date of publication, distribution, etc 1991
300 ## - PHYSICAL DESCRIPTION
Extent 142
630 ## - SUBJECT ADDED ENTRY--UNIFORM TITLE
Uniform title मृगजळाची तहान
730 ## - ADDED ENTRY--UNIFORM TITLE
Uniform title मृगजळाची तहान
942 ## - ADDED ENTRY ELEMENTS (KOHA)
Koha item type Book
Holdings
Withdrawn status Lost status Damaged status Not for loan Home library Current library Date acquired Cost, normal purchase price Total Checkouts Full call number Barcode Date last seen Cost, replacement price Price effective from Koha item type
        Marathi Granth Sangrahalaya,Thane Marathi Granth Sangrahalaya,Thane   50.00   302523 THNMGS-302523 01/24/2009 50.00 01/24/2009 Book